000 00946nam a2200229 a 4500
001 39966
003 BD-RjUL
005 20211209053115.0
008 160420s1949 ii |||| |||| 00| 0 ben d
035 _a(BD-RjUL)40080
040 _aBD-RjUL
_bben
_cBD-RjUL
041 _aben
082 _223
_a370.92
_bAHA 1949
100 1 _aআহছানউল্লা, খান বাহাদুর
_9123098
245 1 0 _aআমার জীবন-ধারা /
_cখান বাহাদুর আহছানউল্লা
250 _a২য় সং.
260 _aকলিকাতা :
_bমুখদুমী লাইব্রেরী এন্ড আহছানউল্লা বুক হাউস,
_c১৯৪৯
300 _a২৫৮ পৃ. ;
_c১৯ সেমি.
600 _aআহছানউল্লা, খান বাহাদুর
_9221507
650 _aEducators
_zBangladesh
_xBiography.
_9123198
942 _2ddc
_cBK
999 _c39966
_d39966